000
00362nam a22001217a 4500
003
SGT
082
_a
891.4309
_b
B18V
100
_a
वेंकटेश, राजन
245
_a
बोधशाला स्कूल :समुदाय : परस्परता
260
_b
सिद्ध प्रकाशन
_c
2018
300
_a
206
942
_2
ddc
_c
BK
999
_c
30381
_d
30381